The University of California: Creating, Nurturing, and Maintaining Academic Quality in a Public University Setting (Record no. 25738)
[ view plain ]
| 000 -LEADER | |
|---|---|
| fixed length control field | 00609nam a2200121Ia 4500 |
| 008 - FIXED-LENGTH DATA ELEMENTS--GENERAL INFORMATION | |
| fixed length control field | 220620s9999||||xx |||||||||||||| ||und|| |
| 100 ## - MAIN ENTRY--PERSONAL NAME | |
| Personal name | C. Judson King |
| 245 #4 - TITLE STATEMENT | |
| Title | The University of California: Creating, Nurturing, and Maintaining Academic Quality in a Public University Setting |
| 546 ## - LANGUAGE NOTE | |
| Language note | English[eng] |
| 650 ## - SUBJECT ADDED ENTRY--TOPICAL TERM | |
| Topical term or geographic name entry element | academic distinction||national labooratories||Clark Kerr||university governance||technology transfer||University of California||shared governance||constitutional autonomy||university admissions||research universities |
| 856 ## - ELECTRONIC LOCATION AND ACCESS | |
| Uniform Resource Identifier | <a href="https://escholarship.org/uc/item/6rj182v7">https://escholarship.org/uc/item/6rj182v7</a> |
| 942 ## - ADDED ENTRY ELEMENTS (KOHA) | |
| Koha item type | E-Books |
| Withdrawn status | Lost status | Damaged status | Not for loan | Home library | Current library | Date acquired | Total Checkouts | Date last seen | Price effective from | Koha item type |
|---|---|---|---|---|---|---|---|---|---|---|
| Kerala University of Digital Sciences, Innovation and Technology Knowledge Centre | Kerala University of Digital Sciences, Innovation and Technology Knowledge Centre | 20/06/2022 | 20/06/2022 | 20/06/2022 | E-Books |